The pilgrim. A comedy : Written by Mr. Francis Beaumont. And Mr. John Fletcher.

Bibliographic Details
Main Authors: Beaumont, Francis, 1584-1616, Fletcher, John, 1579-1625 (Author)
Format: eBook
Language:English
Series:Eighteenth century collections online.
Online Access:Full text online

MARC

Tag First Indicator Second Indicator Subfields
LEADER 00000cam a2200000 4500
001 in00001918521
006 m | d |
007 cr |n||||||||n
008 830727s1718 enk|||| s 00||||eng d
005 20260414190134.4
035 |a (CStRLIN)ESTCT45438 
040 |a Uk-ES  |c Uk-ES  |d Cu-RivES  |d CStRLIN  |d Thomson Gale  |d UtOrBLW 
100 1 |a Beaumont, Francis,  |d 1584-1616. 
245 1 4 |a The pilgrim. A comedy :  |b Written by Mr. Francis Beaumont. And Mr. John Fletcher. 
264 3 |a London :  |b printed for J. T. [Jacob Tonson] And sold by J. Brown,  |c 1718. 
300 |a 60p. ;  |c 4⁰. 
336 |a text  |b txt  |2 rdacontent 
337 |a computer  |b c  |2 rdamedia 
338 |a online resource  |b cr  |2 rdacarrier 
500 |a More probably by Fletcher alone. 
500 |a Reproduction of original from the British Library. 
510 4 |a English Short Title Catalog,  |c ESTCT45438. 
533 |a Electronic reproduction.  |b Farmington Hills, Mich. :  |c Thomson Gale,  |d 2003.  |n Available via the World Wide Web.  |n Access limited by licensing agreements  |7 s2003 miunns 
500 |a Electronic resource. 
700 1 |a Fletcher, John,  |d 1579-1625,  |e author. 
830 0 |a Eighteenth century collections online. 
856 4 0 |u http://proxy.library.tamu.edu/login?url=https://galenet.galegroup.com/servlet/ECCO?c=1&stp=Author&ste=11&af=BN&ae=T045438&tiPG=1&dd=0&dc=flc&docNum=CW115548278&vrsn=1.0&srchtp=a&d4=0.33&n=10&SU=0LRK&locID=txshracd2898  |z Full text online  |t 0 
999 |a MARS 
999 f f |s 80f068d1-7da3-3855-8c8f-ff4011278bcb  |i b0b25e2d-3598-37bd-afae-658505e6b24e  |t 0 
952 f f |a Texas A&M University  |b College Station  |c Electronic Resources  |s www_evans  |d Available Online  |t 0  |h No information provided 
998 f f |t 0  |l Available Online